Statistics for Montana Quiz!!

Click here to take the quiz!

General Stats

  • This quiz has been taken 11 times
  • The average score is 4 of 10

Answer Stats

QuestionsAnswer% Correct
Montana has how many bordering states?4
100%
Montana's abbreviations are?MT
100%
What is the capital of Montana?Helena
89%
Montana is large enough to have
how many states in it?
6
67%
Montana's nickname is?The Treasure State
33%
Montana has a large population of what animal?Grizzly Bears
22%
Montana's governor is?Steve Bullock
11%
Montana's population is?1.1 Million
0%
Montana's statehood is?November 8 1889
0%
Montana has a huge population of what animal?Wild Buffalos
0%

Score Distribution

Percentile by Number Answered

Percent of People with Each Score

Your Score History

You have not taken this quiz